Tryby w Ultimate Team powodujące największą agresje - Statystyki

Ogólne statystyki
  • Ten quiz został rozwiązany 8 razy
  • Średni wynik to 3 z 7
Statystyki odpowiedzi
Procent na agresje tryb % Poprawnych
100 % Fut Champions/ mistrzostwa Fut/ FC
86%
75 % Division Rivals
71%
90 % Rush
71%
62 % Draft/ Draft Online
43%
99,9 % kwali do FC/ eliminacje do mistrzostw/ kwalifikacje do FUT Champions
29%
82% FUT Live
0%
67 % Współpraca
0%
Nie znaleziono quizów pasujących do podanych kryteriów
Rozkład punktacji
Procent ludzi z każdym wynikiem
Percentyl według liczby udzielonych odpowiedzi
Twoja historia wyników
Nie rozwiązałeś tego quizu